Gaming Quiz

Random Gaming or Video Games Quiz
Score 0/57 Timer 03:00
2 Plays Today
Partial Title Full Title % Correct
Column 1Grand Theft Auto
93.9%
Column 2Grand Theft Auto
93.9%
Column 3Grand Theft Auto
93.9%
Column 1Batman: Arkham Asylum
87.7%
Column 2Batman: Arkham Asylum
87.7%
Column 3Batman: Arkham Asylum
87.7%
Column 1Assassin's Creed: Brotherhood
86.4%
Column 2Assassin's Creed: Brotherhood
86.4%
Column 3Assassin's Creed: Brotherhood
86.4%
Column 1Need for Speed
81.7%
Column 2Need for Speed
81.7%
Column 3Need for Speed
81.7%
Column 1Super Smash Bros.
81%
Column 2Super Smash Bros
81%
Column 3Super Smash Bros
81%
Column 1Metal Gear Solid
80.8%
Column 2Metal Gear Solid
80.8%
Column 3Metal Gear Solid
80.8%
Column 1Red Dead Redemption
73%
Column 2Red Dead Redemption
73%
Column 3Red Dead Redemption
73%
Column 1Left 4 Dead
68.7%
Column 2Left 4 Dead
68.7%
Column 3Left 4 Dead
68.7%
Column 1God of War
67.7%
Column 2God of War
67.7%
Column 3God of War
67.7%
Column 1Tomb Raider Underworld
66.6%
Column 2Tomb Raider Underworld
66.6%
Partial Title Full Title % Correct
Column 3Tomb Raider Underworld
66.6%
Column 1Little Big Planet
63.5%
Column 2Little Big Planet
63.5%
Column 3Little Big Planet
63.5%
Column 1Mortal Kombat: Armageddon
60.9%
Column 2Mortal Kombat: Armageddon
60.9%
Column 3Mortal Kombat: Armageddon
60.9%
Column 1Fallout New Vegas
58.4%
Column 2Fallout New Vegas
58.4%
Column 3Fallout New Vegas
58.4%
Column 1Dragon Age: Origins
48.9%
Column 2Dragon Age: Origins
48.6%
Column 3Dragon Age: Origins
48.6%
Column 1Uncharted: Drake's Fortune
46.3%
Column 2Uncharted: Drake's Fortune
46.3%
Column 3Uncharted: Drake's Fortune
46.3%
Column 1Marvel: Ultimate Alliance
45.5%
Column 2Marvel: Ultimate Alliance
45.5%
Column 3Marvel: Ultimate Alliance
45.5%
Column 1Battlefield: Bad Company
43.7%
Column 2Battlefield: Bad Company
43.7%
Column 3Battlefield: Bad Company
43.7%
Column 1XCOM: Enemy Unknown
31.2%
Column 2XCOM: Enemy Unknown
31.2%
Column 3XCOM: Enemy Unknown
31.2%
Column 1Sniper: Ghost Warrior
30.1%
Column 2Sniper: Ghost Warrior
27.3%
Column 3Sniper: Ghost Warrior
27.3%

You're not logged in!

Compare scores with friends on all Sporcle quizzes.
OR
Log In

From the Vault

Click the Band Members: Green Day

by NO_r_WAY

No, they did not get to color the rest of the site green for a day.
Remove Ads.
Support Sporcle.
Get the best of Sporcle when you Go Orange. This ad-free experience offers more features, more stats, and more fun while also helping to support Sporcle. Thank you for becoming a member.

Show Comments

Extras

Top Quizzes Today


Score Distribution

Your Account Isn't Verified!

In order to create a playlist on Sporcle, you need to verify the email address you used during registration. Go to your Sporcle Settings to finish the process.

Report this User

Report this user for behavior that violates our Community Guidelines.

Details: